| 000 | 00351nam a2200145Ia 4500 | ||
|---|---|---|---|
| 008 | 230917s9999||||xx |||||||||||||| ||und|| | ||
| 040 |
_e187760 _aMAIN |
||
| 041 | _aEnglish | ||
| 082 | _a320.509 B195P | ||
| 100 | _aBalendra Singh | ||
| 245 | 0 | _aPramukh Unani vicharak | |
| 260 |
_aJaipur _bRBSA Publishers _c2010 |
||
| 300 | _a166 p. | ||
| 942 | _cBK | ||
| 999 |
_c162397 _d162397 |
||